000 00318nam a2200121Ia 4500
008 180117s9999 xx 000 0 und d
100 _aby Mervy C Pueblo
245 _aArt in the Public Sphere
260 _c2016
300 _a14-16 pages, 2016 February 28
440 _aPhilippine Panorama
650 _aPUBLIC SPHERE
999 _c353517
_d353517